00731 2200217 4500001002100000005001500021035002000036007000300056008004100059020002700100082000800127084001400135100001400149245014400163250000600307260008700313300004700400700002500447600001900472990002200491INLIS00000000000018920251002015535 a0010-1025000001ta251002 d 0  aISBN 978-602-427-961-5 a420 a420 SUN b0 aSunengsih1 aBAHASA INGGRIS LANJUTAN :bTrain of Thoughts /cSunengsih,Trisnendri Syahrizal,Maya Defianty,Winda Ari Anggraini,Gema August Setiawan,Dadan a1 aJakarta Selatan :bKEMENTERIAN PENDIDIKAN, KEBUDAYAAN, RISET, DAN TEKNOLOGI,c2022 a244 halaman :bilustrasi ;c17,6 x 25 cm.0 aSyahrizal,Trisnendri 4aBAHASA INGGRIS a06988/SMAN1S/2025